Normal view
MARC view
Entry Topical Term
001 - CONTROL NUMBER
- control field: 19479
003 - CONTROL NUMBER IDENTIFIER
- control field: ARRUPE
005 - DATE AND TIME OF LATEST TRANSACTION
- control field: 20150908123232.0
008 - FIXED-LENGTH DATA ELEMENTS
- fixed length control field: 150908|| aca||aabn | a|a d
040 ## - CATALOGING SOURCE
- Original cataloging agency: ARRUPE
- Transcribing agency: ARRUPE
150 ## - HEADING--TOPICAL TERM
- Topical term or geographic name as entry element: Civilization.
670 ## - SOURCE DATA FOUND
- Source citation: Work cat.: (ARRUPE)0: Sarton, George, 1884-1956. 19477, Ancient science and modern civilization., [1954]